000 00457nam a2200181Ia 4500
001 17305
005 20260306171508.0
008 260306s9999||||xx |||||||||||||| ||und||
041 _aESP
082 _a657.61
_bL97
100 _aLuján Alburqueque, Luis
_eAUT
245 0 _aCasos prácticos del plan contable general empresarial
260 _c2020
300 _a493 páginas :
_c25 cm.
650 _aGEN
654 _aCCO
942 _cLIB
_dJUS
_fJUS
_2ddc
_n
999 _c17305
_d17305